LIBRARY & INFORMATION CENTRE, KCAET, TAVANUR

ONLINE PUBLIC ACCESS CATALOGUE (OPAC)

Learn Harvard graphics 3.0 in a day / (Record no. 9804)

MARC details
000 -LEADER
fixed length control field 00454cam a2200181ua 4500
041 ## - LANGUAGE CODE
Language code of text/sound track or separate title eng
082 ## - DEWEY DECIMAL CLASSIFICATION NUMBER
Classification number 005.369
Item number COL/LE
100 ## - MAIN ENTRY--AUTHOR NAME
Personal name Coloumbus, Louis .
245 ## - TITLE STATEMENT
Title Learn Harvard graphics 3.0 in a day /
250 ## - EDITION STATEMENT
Edition statement 1 /
260 ## - PUBLICATION, DISTRIBUTION, ETC. (IMPRINT)
Place of publication New Delhi :
Name of publisher B P B Publishers ,
Year of publication 1992.
300 ## - PHYSICAL DESCRIPTION
Number of Pages 120 ; .
942 ## - ADDED ENTRY ELEMENTS (KOHA)
Koha item type Books
Holdings
Withdrawn status Lost status Damaged status Home library Current library Date acquired Full call number Accession Number Koha item type
      KAUAET KAUAET 07/04/2012 005.369 20130 Books
free website counter